[Event "BAN-chT Premier"]
[Site "Dhaka"]
[Date "2021.03.22"]
[Round "4.4"]
[White "Md Abu, Hanif"]
[Black "Dewan, Shahidul Amin"]
[Result "1/2-1/2"]
[WhiteElo "2008"]
[BlackElo "1996"]
[PlyCount "83"]
[EventDate "2021.03.19"]
[EventType "team-tourn"]
[EventRounds "11"]
[EventCountry "BAN"]
[SourceTitle "CBM 201 Extra"]
[Source "ChessBase"]
[SourceDate "2021.05.31"]
[SourceVersion "1"]
[SourceVersionDate "2021.05.31"]
[SourceQuality "1"]
[WhiteTeam "Uttara Central CC"]
[BlackTeam "Sonali Bank Sports"]
[WhiteTeamCountry "BAN"]
[BlackTeamCountry "BAN"]

1. d4 d6 2. e4 Nf6 3. Bd3 e5 4. c3 Be7 5. Ne2 0-0 6. 0-0 c5 7. h3 Nbd7 8. Be3 cxd4 9. cxd4 d5 10. Nbc3 dxe4 11. Nxe4 Nxe4 12. Bxe4 Nf6 13. Bc2 Nd5 14. Qd3 g6 15. Bb3 Bf5 16. Qd2 Bb4 17. Nc3 Nxe3 18. fxe3 Qg5 19. Kh1 Rad8 20. Qf2 exd4 21. exd4 Bd6 22. g4 Be6 23. Bxe6 fxe6 24. Qg2 Qe3 25. d5 e5 26. a3 Rxf1+ 27. Rxf1 Rf8 28. Rxf8+ Kxf8 29. Ne4 Ke7 30. g5 Qc1+ 31. Kh2 Qf4+ 32. Kh1 Qc1+ 33. Kh2 Qf4+ 34. Kg1 b6 35. Qg4 Qc1+ 36. Kg2 Qxb2+ 37. Nf2 Bc5 38. Qe6+ Kd8 39. Qf6+ Kc8 40. Qc6+ Kb8 41. Qe8+ Kb7 42. Qd7+ 1/2-1/2

[Event "BAN-chT Premier"]
[Site "Dhaka"]
[Date "2021.03.20"]
[Round "2.4"]
[White "Sultana, Sharmin Shirin"]
[Black "Dewan, Shahidul Amin"]
[Result "1-0"]
[WhiteElo "2002"]
[BlackElo "1996"]
[PlyCount "105"]
[EventDate "2021.03.19"]
[EventType "team-tourn"]
[EventRounds "11"]
[EventCountry "BAN"]
[SourceTitle "CBM 201 Extra"]
[Source "ChessBase"]
[SourceDate "2021.05.31"]
[SourceVersion "1"]
[SourceVersionDate "2021.05.31"]
[SourceQuality "1"]
[WhiteTeam "Sheikh Russel"]
[BlackTeam "Sonali Bank Sports"]
[WhiteTeamCountry "BAN"]
[BlackTeamCountry "BAN"]

1. d4 d5 2. c4 c6 3. Nc3 Nf6 4. Nf3 e6 5. Bg5 Bb4 6. Rc1 Nbd7 7. cxd5 exd5 8. e3 Qa5 9. Qb3 Ne4 10. Bf4 Ndf6 11. h3 Nxc3 12. bxc3 Ba3 13. Ra1 Ne4 14. Bd3 Qxc3+ 15. Qxc3 Nxc3 16. 0-0 0-0 17. Rac1 Bb4 18. Ra1 Ba3 19. Rae1 Be6 20. Ng5 h6 21. Nxe6 fxe6 22. f3 b5 23. Rf2 Be7 24. Rc2 b4 25. Ba6 c5 26. dxc5 Bxc5 27. Be5 Rf7 28. a3 Be7 29. axb4 Na4 30. Rb1 Nb6 31. Bd4 Bf6 32. Rbc1 Bxd4 33. exd4 Rf4 34. Rc7 Rxd4 35. Re7 Nc4 36. Rxe6 Rb8 37. Rce1 Rxb4 38. Re7 Rd2 39. Bc8 Nd6 40. Be6+ Kh7 41. h4 Rbb2 42. Bh3 d4 43. Rd7 Rb6 44. Ree7 d3 45. Rxg7+ Kh8 46. Rh7+ Kg8 47. Be6+ Nf7 48. Rdxf7 Rxe6 49. Rhg7+ Kh8 50. Rh7+ Kg8 51. Rfg7+ Kf8 52. Rxa7 Ree2 53. Rh8# 1-0

[Event "Dhaka IRT U2000"]
[Site "Dhaka"]
[Date "2018.02.22"]
[Round "9"]
[White "Ahmed, Feroz"]
[Black "Dewan, Shahidul Amin"]
[Result "0-1"]
[WhiteElo "1994"]
[BlackElo "1957"]
[PlyCount "70"]
[EventDate "2018.02.14"]
[EventType "swiss"]
[EventRounds "9"]
[EventCountry "BAN"]
[SourceTitle "EXT 2024"]
[Source "ChessBase"]
[SourceDate "2023.10.10"]
[SourceVersion "1"]
[SourceVersionDate "2023.10.10"]
[SourceQuality "1"]

1. c4 e6 2. g3 d5 3. Bg2 c6 4. Nf3 Nf6 5. Qc2 Nbd7 6. 0-0 Be7 7. d3 0-0 8. e4 dxc4 9. dxc4 Qc7 10. b3 Re8 11. Nbd2 e5 12. Bb2 b6 13. Kh1 Bb7 14. Rae1 Rad8 15. Re2 Bd6 16. Nh4 g6 17. Qc3 a5 18. Qe3 Nh5 19. Bf3 Ndf6 20. Qg5 Re6 21. Ng2 Be7 22. Qe3 Bc5 23. Qg5 Be7 24. Qh4 Bc8 25. Nb1 Red6 26. Bc1 h6 27. Bxh6 Nh7 28. c5 Rd1 29. Ree1 Rxe1 30. Rxe1 Bxh4 31. Nxh4 Ng7 32. Be3 bxc5 33. Bxc5 Ne6 34. Be3 Nd4 35. Bg2 Nc2 0-1

[Event "Dhaka IRT U2000"]
[Site "Dhaka"]
[Date "2018.02.20"]
[Round "7"]
[White "Swarnavo, Choudhury"]
[Black "Dewan, Shahidul Amin"]
[Result "0-1"]
[WhiteElo "1797"]
[BlackElo "1957"]
[PlyCount "60"]
[EventDate "2018.02.14"]
[EventType "swiss"]
[EventRounds "9"]
[EventCountry "BAN"]
[SourceTitle "EXT 2024"]
[Source "ChessBase"]
[SourceDate "2023.10.10"]
[SourceVersion "1"]
[SourceVersionDate "2023.10.10"]
[SourceQuality "1"]

1. e4 c5 2. Nf3 d6 3. d4 cxd4 4. Nxd4 Nf6 5. Nc3 a6 6. Bg5 Nbd7 7. f4 e6 8. Qf3 Qc7 9. 0-0-0 Be7 10. Bd3 Nc5 11. g4 b5 12. Bxf6 Bxf6 13. Nce2 Bb7 14. g5 Be7 15. h4 0-0-0 16. Ng3 g6 17. Rhe1 h6 18. Qg4 Kb8 19. f5 hxg5 20. hxg5 gxf5 21. exf5 Rdg8 22. g6 Rh4 23. Qe2 Rxd4 24. Nh5 Nxd3+ 25. Rxd3 Bg5+ 26. Kb1 Re4 27. Qd1 Rxe1 28. Qxe1 fxg6 29. Qxe6 Rc8 30. Rc3 Qb6 0-1

[Event "BAN-chT"]
[Site "Dhaka"]
[Date "2017.12.14"]
[Round "6.2"]
[White "Islam, Khandaker Aminul"]
[Black "Dewan, Shahidul Amin"]
[Result "1-0"]
[WhiteElo "2240"]
[BlackElo "1945"]
[PlyCount "67"]
[EventDate "2017.12.09"]
[EventType "team-tourn"]
[EventRounds "11"]
[EventCountry "BAN"]
[SourceTitle "CBM 182 Extra"]
[Source "ChessBase"]
[SourceDate "2018.02.23"]
[SourceVersion "1"]
[SourceVersionDate "2018.02.23"]
[SourceQuality "1"]
[WhiteTeam "Bangladesh Navy"]
[BlackTeam "Sonali Bank Sports"]
[WhiteTeamCountry "BAN"]
[BlackTeamCountry "BAN"]

1. Nf3 d5 2. e3 Nf6 3. c4 e6 4. b3 b6 5. Bb2 Bb7 6. Nc3 c6 7. Qe2 Nbd7 8. d3 Bd6 9. e4 dxe4 10. Nxe4 Nxe4 11. dxe4 Bb4+ 12. Nd2 Qg5 13. h4 Qh6 14. Rh3 0-0-0 15. Qe3 Qxe3+ 16. Rxe3 Nf6 17. 0-0-0 Ng4 18. Re2 Bc5 19. Nf3 Rxd1+ 20. Kxd1 Rd8+ 21. Ke1 Bb4+ 22. Nd2 f6 23. Bc1 c5 24. f3 Ne5 25. Re3 Ng6 26. g3 Ne7 27. Bd3 Nc6 28. Be2 Nd4 29. Bd3 e5 30. Kf2 Nc6 31. Nf1 Bc3 32. Kg2 Nb4 33. Bb1 Rd1 34. Rxc3 1-0

[Event "BAN-chB 43rd"]
[Site "Dhaka"]
[Date "2017.11.11"]
[Round "5"]
[White "Uddin, Saif"]
[Black "Dewan, Shahidul Amin"]
[Result "0-1"]
[WhiteElo "2107"]
[BlackElo "1932"]
[PlyCount "96"]
[EventDate "2017.11.07"]
[EventType "swiss"]
[EventRounds "11"]
[EventCountry "BAN"]
[SourceTitle "CBM 181 Extra"]
[Source "ChessBase"]
[SourceDate "2017.12.12"]
[SourceVersion "1"]
[SourceVersionDate "2017.12.12"]
[SourceQuality "1"]

1. Nf3 Nf6 2. b4 e6 3. a3 d5 4. e3 c5 5. bxc5 Bxc5 6. Be2 Nc6 7. d4 Bd6 8. Bb2 0-0 9. Nbd2 Bd7 10. 0-0 Na5 11. c4 dxc4 12. Nxc4 Nxc4 13. Bxc4 Rc8 14. Qe2 b5 15. Bd3 Nd5 16. Rfc1 Qa5 17. Ng5 h6 18. Ne4 Rxc1+ 19. Bxc1 Be7 20. Bd2 Qb6 21. Bb1 Rc8 22. Qd3 f5 23. Ng3 Bf6 24. Ba2 Qd6 25. Nh5 Bg5 26. f3 g6 27. Bxd5 Qxd5 28. e4 fxe4 29. fxe4 Qc4 30. Qxc4 Rxc4 31. Bxg5 gxh5 32. Be3 Bc6 33. e5 Bd5 34. h4 a5 35. Rb1 b4 36. axb4 axb4 37. Rb2 Kg7 38. Kf2 b3 39. g3 Kg6 40. Ke1 Rc6 41. Kd2 Rc8 42. Kd3 Kf5 43. Bxh6 Be4+ 44. Ke3 Bc2 45. Bf4 Rc3+ 46. Ke2 Ke4 47. Rxc2 Rxc2+ 48. Kd1 Kd3 0-1

[Event "BAN-chB 42nd"]
[Site "Dhaka"]
[Date "2016.10.24"]
[Round "5"]
[White "Dewan, Shahidul Amin"]
[Black "Haque, Rezaul"]
[Result "0-1"]
[WhiteElo "1953"]
[BlackElo "2121"]
[PlyCount "76"]
[EventDate "2016.10.20"]
[EventType "swiss"]
[EventRounds "11"]
[EventCountry "BAN"]
[SourceTitle "CBM 175 Extra"]
[Source "ChessBase"]
[SourceDate "2016.12.12"]
[SourceVersion "1"]
[SourceVersionDate "2016.12.12"]
[SourceQuality "1"]

1. e4 Nc6 2. d4 d5 3. e5 f6 4. f4 Bf5 5. Nf3 fxe5 6. fxe5 e6 7. Bd3 Nge7 8. Bg5 Qd7 9. c3 h6 10. Bh4 g5 11. Bf2 Nd8 12. Na3 Ng6 13. Nc2 Bxd3 14. Qxd3 Nf4 15. Qf1 Qh7 16. 0-0-0 Qe4 17. Nfe1 Qe2 18. Be3 Qxf1 19. Rxf1 Ng6 20. Rf6 Rg8 21. Nd3 Be7 22. Rf2 Rf8 23. Rdf1 Rxf2 24. Nxf2 Nh4 25. Ng4 Nf5 26. Bd2 h5 27. Nge3 Nh6 28. h4 Ndf7 29. hxg5 Bxg5 30. Ne1 Ke7 31. Rh1 Bxe3 32. Bxe3 Nf5 33. Kd2 Rh8 34. Nf3 Kf8 35. Bg5 Ng3 36. Rh4 Ne4+ 37. Ke3 Nfxg5 38. Nxg5 Nxg5 0-1